Návrh využitia alternatívnych zdrojov na financovanie dlhodobého hmotného majetku
Salvato in:
| Autore principale: | |
|---|---|
| Altri autori: | |
| Natura: | Manoscritto Libro |
| Lingua: | slovacco |
| Pubblicazione: |
2019
|
| Soggetti: | |
| Accesso online: | http://is.stuba.sk/zp/portal_zp.pl?podrobnosti=143630 |
| Tags: |
Nessun Tag, puoi essere il primo ad aggiungerne!!
|
MARC
| LEADER | 00000ntm a22000003a 4500 | ||
|---|---|---|---|
| 001 | stuzp73905 | ||
| 003 | SK-STU | ||
| 005 | 20190608212619.8 | ||
| 007 | ta | ||
| 008 | 150427s2015----xo-----f-mn---000-0-slo-d | ||
| 040 | |a STU |b slo | ||
| 041 | 0 | |a slo | |
| 100 | 1 | |a Polacká, Veronika |u 064000 |k Z4 |4 aut |U MTF Materiálovotechnologická fakulta |T MTF Ústav priemyselného inžinierstva a manažmentu |X 73386 |U M4000 |Y 84 |7 73386 | |
| 242 | 0 | 1 | |a The proposal for applications of alternative financial sources for taginble assets |y eng |
| 245 | 1 | 0 | |a Návrh využitia alternatívnych zdrojov na financovanie dlhodobého hmotného majetku |
| 260 | |c 2019 | ||
| 650 | 4 | |a dlhodobý hmotný majetok |2 slo | |
| 650 | 4 | |a finančné zdroje |2 slo | |
| 650 | 4 | |a vlastné zdroje financovania |2 slo | |
| 650 | 4 | |a cudzie zdroje financovania |2 slo | |
| 650 | 4 | |a leasing |2 slo | |
| 650 | 4 | |a majetok podniku |2 slo | |
| 650 | 4 | |a assets |2 eng | |
| 650 | 4 | |a foreign sources of financing |2 eng | |
| 650 | 4 | |a leasing |2 eng | |
| 650 | 4 | |a longterm (long-term) tangible assets |2 eng | |
| 650 | 4 | |a financial resources |2 eng | |
| 650 | 4 | |a own sources of financing |2 eng | |
| 700 | 1 | |a Talnagiová, Viktória |4 ths |X 31298 |7 A000031298 | |
| 856 | 4 | |u http://is.stuba.sk/zp/portal_zp.pl?podrobnosti=143630 | |
| 996 | |c M* DP-14067 |l MMSKP |s P |a 0 |w stuzp73905_0001 | ||